Điểm bùng phát : làm thế nào những điều nhỏ bé tạo nên sự khác biệt lớn hơn

Sparad:
Bibliografiska uppgifter
Materialtyp: Bok
Språk:Vietnamese
Publicerad: Lao động 2007
Taggar: Lägg till en tagg
Inga taggar, Lägg till första taggen!
Thư viện lưu trữ: Mạng thư viện Đại học Đà Nẵng
LEADER 00654nam a2200241 4500
001 000021050
003 17497
005 20150402150449.0
008 150402s2007 viesd
020 |c 54000 
041 0 |a vie 
082 1 4 |a 302  |b GL-M 
245 1 0 |a Điểm bùng phát : làm thế nào những điều nhỏ bé tạo nên sự khác biệt lớn hơn  |c Malcolm Gladwell. 
260 |b Lao động  |c 2007 
300 |a tr.  |c cm. 
OWN |a LSP 
999 |a From the UDN01 
TYP |a Monograph 
TYP |a Printed language 
980 |a Mạng thư viện Đại học Đà Nẵng